Rain noise from glazed and lightweight roofing (Record no. 105169)
[ view plain ]
| 000 -LEADER | |
|---|---|
| fixed length control field | 01049cam a2200229 4500 |
| 001 - CONTROL NUMBER | |
| control field | ##L132529 |
| 008 - FIXED-LENGTH DATA ELEMENTS--GENERAL INFORMATION | |
| fixed length control field | 060215n2006 000 0 eng u |
| 020 ## - INTERNATIONAL STANDARD BOOK NUMBER | |
| International Standard Book Number | 1860918986 |
| 035 ## - SYSTEM CONTROL NUMBER | |
| System control number | (Sirsi) u132529 |
| 041 0# - LANGUAGE CODE | |
| Language code of text/sound track or separate title | eng |
| 050 04 - LIBRARY OF CONGRESS CALL NUMBER | |
| Classification number | 614.78 $2 18 |
| 100 1# - MAIN ENTRY--PERSONAL NAME | |
| Personal name | Hopkins, C. |
| 245 00 - TITLE STATEMENT | |
| Title | Rain noise from glazed and lightweight roofing |
| 260 ## - PUBLICATION, DISTRIBUTION, ETC. | |
| Place of publication, distribution, etc. | Watford |
| Name of publisher, distributor, etc. | BRE Press |
| Date of publication, distribution, etc. | 2006 |
| 300 ## - PHYSICAL DESCRIPTION | |
| Extent | 4p. |
| Other physical details | ill. |
| Dimensions | 30cm. |
| 350 ## - PRICE (NR) (BK AM CF MU VM SE) [OBSOLETE] | |
| Price | 9.00 |
| 490 #0 - SERIES STATEMENT | |
| Series statement | BRE Information Paper |
| Volume/sequential designation | IP 2/06 |
| 520 ## - SUMMARY, ETC. | |
| Summary, etc. | Helps designers assess the likely effect of rain noise from lightweight roofs and roof elements on the indoor ambient noise levels in rooms. Contains results from measurements of sound intensity levels caused by artificial heavy rainfall on roof glazing, polycarbonate roofing and ETFE roofing. These measurements allowed comparison of products and estimation of the reverberant sound pressure level in a room due to rain noise. |
| 651 #4 - SUBJECT ADDED ENTRY--GEOGRAPHIC NAME | |
| Geographic name | United Kingdom |
| Chronological subdivision | |
| 690 ## - LOCAL SUBJECT ADDED ENTRY--TOPICAL TERM (OCLC, RLIN) | |
| Topical term or geographic name as entry element | BUILT ENVIRONMENT-CONSTRUCTION DESIGN-ACOUSTICS-NOISE POLLUTION |
| 942 ## - ADDED ENTRY ELEMENTS (KOHA) | |
| Suppress in OPAC | 0 |
| Withdrawn status | Lost status | Source of classification or shelving scheme | Damaged status | Not for loan | Home library | Current library | Shelving location | Date acquired | Total Checkouts | Full call number | Barcode | Date last seen | Copy number | Price effective from | Koha item type |
|---|---|---|---|---|---|---|---|---|---|---|---|---|---|---|---|
| Dewey Decimal Classification | London | London | BRE publications | 24/08/2006 | ENQUIRY DESK | 30071562 | 06/08/2019 | 1 | 06/08/2019 | Book |